000 00935cab a2200265 4500
001 WB3307-09
008 090401t1997 xxu||||| |||| 00| 0 eng d
035 _a(Sirsi) u49424
041 _aeng
245 _aTreasury relents on VAT
260 _c1997
350 _a0
490 _aHM Customs and Excise News Release
_v(5/97) 12 February 1997
490 _aFinancial Times
_v13 February 1997, 10
490 _aRICS Press Release
_v(PR11) 12 February 1997 (3)
490 _aProperty Week
_v58 (6) 14 February 1997, 1, 11(4)
520 _aThe Treasury has announced changes to the Finance Bill in response to warnings by advisers that attempts to end VAT loophole could cost the property industry £83m a year. RICS comments.
650 _aPROPERTY-COMMERCIAL PROPERTY
650 _aLOOPHOLE
650 _aOPTION TO TAX
650 _aVALUE ADDED TAX
690 _aECONOMIC AND SOCIAL
942 _n0
948 _c04/03/1997
999 _c30930
_d30930